00502nam a22001577a 450000500170000000800410001702000150005804100130007308200140008610000280010024501010012825000190022926000470024830000240029565000250031920231106110817.0231106b |||||||| |||| 00| 0 eng d a0702114111 aEnglish  a346.5 MEY aMeyerowitz, DlEnglish  a1983 Cumulative Supplement to the Law and Practice of Administration of Estates / cD Meyerowitz aFifth Edition  aCape Town : bJuta and Company Ltd, c1983 b94 pages ; c26 cm. aLegal practice bLaw